| 000 | 00965nam a22002177a 4500 | ||
|---|---|---|---|
| 003 | OSt | ||
| 005 | 20260512144912.0 | ||
| 008 | 260512b |||||||| |||| 00| 0 eng d | ||
| 020 | _a9781399807203 | ||
| 040 | _aKenya National Library Service | ||
| 082 | _a823.92 FOL | ||
| 100 | _aFoley, Christine Anne | ||
| 245 |
_aBodies / _cChristine Anne Foley. |
||
| 300 |
_a204 pages ; _c22 cm |
||
| 520 | _aBodies follows Charlotte Murphy, a young Irish woman navigating adolescence, college life, and adulthood through a series of intense and often toxic relationships. As Charlotte moves from one man to another, Johnny, Dave, Kyle, Adam, and eventually someone referred to only as “You”, she struggles with loneliness, grief, desire, and questions about identity and control. | ||
| 650 | _aYoung women -- Fiction | ||
| 650 | _aInterpersonal relations -- Fiction | ||
| 942 |
_2ddc _cBK _n0 |
||
| 999 |
_c492721 _d492721 |
||